Statystyki dla Piłkarze Widzewa 23/24

Kliknij tutaj aby rozwiązać quiz!

Ogólne statystyki

  • Ten quiz został rozwiązany 138 razy
  • Średni wynik to 18 z 25

Statystyki odpowiedzi

PozycjaPiłkarz% Poprawnych
BramkarzRavas
100%
Cofnięty napastnikPawłowski
96%
Środkowy napastnikSanchez
92%
Środkowy obrońcaŻyro
90%
Defensywny pomocnikHanousek
87%
Defensywny pomocnikKun
83%
Lewy obrońcaNunes
79%
Środkowy obrońcaSzota
79%
Cofnięty napastnikTerpiłowski
79%
Ofensywny pomocnikAlvarez
75%
Środkowy obrońcaSilva
75%
Prawy obrońcaStępiński
75%
Lewy obrońcaCiganiks
72%
Środkowy napastnikRondić
72%
Lewy obrońcaKlimek
70%
BramkarzSzymański
70%
Prawy obrońcaMilos
69%
Prawy obrońcaZieliński
65%
Defensywny pomocnikShehu
61%
BramkarzKrzywański
59%
Ofensywny pomocnikTkacz
58%
Ofensywny pomocnikPrzybułek
51%
Ofensywny pomocnikKerk
48%
Defensywny pomocnikDawid
44%
Środkowy napastnikKempski
27%

Rozkład punktacji

Percentyl według liczby udzielonych odpowiedzi

Procent ludzi z każdym wynikiem

Twoja historia wyników

Nie rozwiązałeś tego quizu